Ψυχοπαθολογία : (Record no. 10001)
[ view plain ]
| 000 -LEADER | |
|---|---|
| fixed length control field | 02435nam a22002657a 4500 |
| 003 - ΤΑΥΤΟΤΗΤΑ ΤΟΥ ΑΡΙΘΜΟΥ ΕΛΕΓΧΟΥ | |
| Πεδίο ελέγχου | GR-AtMCL |
| 005 - ΗΜΕΡΟΜΗΝΙΑ ΚΑΙ ΩΡΑ ΤΕΛΕΥΤΑΙΑΣ ΕΝΗΜΕΡΩΣΗΣ | |
| Πεδίο ελέγχου | 20251222135328.0 |
| 006 - FIXED-LENGTH DATA ELEMENTS--ADDITIONAL MATERIAL CHARACTERISTICS | |
| Πεδίο ελέγχου σταθερού μήκους | a|||||r||||||||||| |
| 008 - FIXED-LENGTH DATA ELEMENTS--GENERAL INFORMATION | |
| Πεδίο ελέγχου σταθερού μήκους | e202309 gr a||||||||||||||||gre|d |
| 020 ## - ISBN | |
| ISBN | 9789600124897 |
| 040 ## - ΠΗΓΗ ΚΑΤΑΛΟΓΟΓΡΑΦΗΣΗΣ | |
| Φορέας πρωτότυπης καταλογογράφησης | MC Athens Campus Library |
| Γλώσσα καταλογογράφησης | Ελληνικά, Μοντέρνα (1453-) |
| Modifying agency | MC Athens Campus Library |
| 041 1# - ΓΛΩΣΣΑ | |
| Κωδικός γλώσσας πρωτότυπου | Αγγλικά |
| 100 1# - MAIN ENTRY--PERSONAL NAME | |
| Personal name | Kring, Ann M. |
| 9 (RLIN) | 7060 |
| 240 10 - ΟΜΟΙΟΜΟΡΦΟΣ ΤΙΤΛΟΣ | |
| Ομοιόμορφος τίτλος | Abnormal psychology. |
| Language of a work | Ελληνικά |
| 245 10 - ΤΙΤΛΟΣ ΚΑΙ ΔΗΛΩΣΗ ΥΠΕΥΘΥΝΟΤΗΤΑΣ | |
| Τίτλος | Ψυχοπαθολογία : |
| Remainder of title | η επιστήμη και η αντιμετώπιση των ψυχολογικών διαταραχών / |
| Statement of responsibility, etc. | Ann M. Kring & Sheri L. Johnson ; επιστημονική επιμέλεια Παγώνα Ρούσση, Ευρυνόμη Αυδή, Αργυρούλα Καλαϊτζάκη ; μετάφραση Στέλιος Χαρτζίδης, Θεοδώρα Καραμπά |
| 264 #1 - PRODUCTION, PUBLICATION, DISTRIBUTION, MANUFACTURE, AND COPYRIGHT NOTICE | |
| Place of production, publication, distribution, manufacture | Αθήνα : |
| Name of producer, publisher, distributor, manufacturer | Εκδόσεις Gutenberg, |
| Date of production, publication, distribution, manufacture, or copyright notice | 2023 |
| 300 ## - PHYSICAL DESCRIPTION | |
| Extent | 767 σελ : |
| Other physical details | εικονογράφηση (έγχρωμη) ; |
| Διαστάσεις | 29 εκ. |
| 500 ## - GENERAL NOTE | |
| Γενική σημείωση | Το κείμενο είναι μεταφρασμένο από τα αγγλικά |
| 500 ## - GENERAL NOTE | |
| Γενική σημείωση | Η μετάφραση έγινε από την 14η αμερικανική έκδοση |
| 505 0# - FORMATTED CONTENTS NOTE | |
| Formatted contents note | Εισαγωγή και ιστορική ανασκόπηση, Σύγχρονα επιστημονικά παραδείγματα στη μελέτη της ψυχοπαθολογίας, Διάγνωση και αξιολόγηση, Μέθοδοι έρευνας της ψυχοπαθολογίας, Διαταραχές της διάθεσης, Αγχώδεις διαταραχές, Ψυχαναγκαστική – καταναγκαστική και σχετιζόμενες διαταραχές και διαταραχές με τραύμα, Διασχιστικές διαταραχές, διαταραχή σωματικών συμπτωμάτων και σχετιζόμενες διαταραχές, Σχιζοφρένεια, Διαταραχές χρήσης ουσιών, Διαταραχές στην πρόσληψη τροφής, Σεξουαλικές διαταραχές, Διαταραχές της παιδικής ηλικίας<br/>Τρίτη ηλικία και νευρογνωστικές διαταραχές, Διαταραχές της προσωπικότητας,Νομικά και δεοντολογικά ζητήματα |
| 650 #0 - SUBJECT ADDED ENTRY--TOPICAL TERM | |
| Topical term or geographic name entry element | Ψυχολογία |
| 9 (RLIN) | 9898 |
| 700 1# - ΠΡΟΣΘΕΤΗ ΑΝΑΓΡΑΦΗ--ΦΥΣΙΚΟ ΠΡΟΣΩΠΟ | |
| Personal name | Johnson, Sheri L. |
| 9 (RLIN) | 7059 |
| 942 ## - ADDED ENTRY ELEMENTS (KOHA) | |
| Koha item type | Books |
| Τύπος τεκμηρίου | Βιβλιοθήκη | Τρέχουσα τοποθεσία | Barcode | Αριθμός εισαγωγής | Ημερομηνία απόκτησης | Ταξιθετικό σύμβολο | Αριθμός αντιτύπου | Κατάσταση απόσυρσης | Κατάσταση χαμένου | Κατάσταση κατεστραμμένου | Μη δανεισμός | Σύνολο δανεισμών | Ημερομηνία τελευταίας εμφάνισης | Η τιμή ισχύει από |
|---|---|---|---|---|---|---|---|---|---|---|---|---|---|---|
| Books | MC Athens Campus Library | MC Athens Campus Library | 9780000100078 | 8206 | 22/12/2025 | 616.89 KRI | 1 | Μη δανειζόμενο | 22/12/2025 | 22/12/2025 |